| 000 | 00451nam a2200169Ia 4500 | ||
|---|---|---|---|
| 008 | 210719s1994 xx 000 0 und d | ||
| 020 | _a0070258775 | ||
| 041 | _aeng | ||
| 082 | _a658.4 HALM | ||
| 100 | _aHALLORAN (James W) | ||
| 245 | _aMcGraw-Hill 36-hour course entrepreneurship. | ||
| 260 |
_aNew York. _bMcGraw-Hill, Inc., _c1994 |
||
| 300 |
_axvi,296,6 _bPB |
||
| 365 | _cRs | ||
| 650 | _aExecutive Management | ||
| 906 | _aEntrepreneurship | ||
| 999 |
_c213616 _d213616 |
||